header

Intonation in the grammar of English (Record no. 8103)

MARC details
000 -LEADER
fixed length control field 01745nam a2200421 a 4500
001 - CONTROL NUMBER
control field ebr10697004
003 - CONTROL NUMBER IDENTIFIER
control field CaPaEBR
006 - FIXED-LENGTH DATA ELEMENTS--ADDITIONAL MATERIAL CHARACTERISTICS--GENERAL INFORMATION
fixed length control field m o u
007 - PHYSICAL DESCRIPTION FIXED FIELD--GENERAL INFORMATION
fixed length control field cr cn|||||||||
008 - FIXED-LENGTH DATA ELEMENTS--GENERAL INFORMATION
fixed length control field 060329s2008 enkad sb 000 0 eng d
010 ## - LIBRARY OF CONGRESS CONTROL NUMBER
Canceled/invalid LC control number 2006010518
020 ## - INTERNATIONAL STANDARD BOOK NUMBER
Cancelled/invalid ISBN 1904768148
Cancelled/invalid ISBN 9781904768142
Cancelled/invalid ISBN 9781904768159 (pbk.)
Cancelled/invalid ISBN 1904768156 (pbk.)
Cancelled/invalid ISBN 9781845535896 (e-book)
040 ## - CATALOGING SOURCE
Original cataloging agency CaPaEBR
Transcribing agency CaPaEBR
035 ## - SYSTEM CONTROL NUMBER
System control number (OCoLC)849930841
050 14 - LIBRARY OF CONGRESS CALL NUMBER
Classification number PE1139.5
Item number .H25 2008eb
082 04 - DEWEY DECIMAL CLASSIFICATION NUMBER
Classification number 421/.5
Edition number 22
100 1# - MAIN ENTRY--PERSONAL NAME
Personal name Halliday, M. A. K.
Fuller form of name (Michael Alexander Kirkwood),
Dates associated with a name 1925-
245 10 - TITLE STATEMENT
Title Intonation in the grammar of English
Medium [electronic resource] /
Statement of responsibility, etc by M.A.K. Halliday and William S. Greaves.
260 ## - PUBLICATION, DISTRIBUTION, ETC. (IMPRINT)
Place of publication, distribution, etc London ;
-- Oakville, Conn. :
Name of publisher, distributor, etc Equinox Pub.,
Date of publication, distribution, etc 2008.
300 ## - PHYSICAL DESCRIPTION
Extent 224 p. :
Other physical details ill.
490 1# - SERIES STATEMENT
Series statement Equinox textbooks and surveys in linguistics
504 ## - BIBLIOGRAPHY, ETC. NOTE
Bibliography, etc Includes bibliographical references (p. 219-224).
505 0# - FORMATTED CONTENTS NOTE
Formatted contents note pt. I. The study of speech sound -- pt. II. Intonation and meaning -- pt. III. Analysis guide with detailed commentary.
533 ## - REPRODUCTION NOTE
Type of reproduction Electronic reproduction.
Place of reproduction Palo Alto, Calif. :
Agency responsible for reproduction ebrary,
Date of reproduction 2013.
Note about reproduction Available via World Wide Web.
-- Access may be limited to ebrary affiliated libraries.
650 #0 - SUBJECT ADDED ENTRY--TOPICAL TERM
Topical term or geographic name as entry element English language
General subdivision Intonation.
Topical term or geographic name as entry element English language
General subdivision Grammar.
Topical term or geographic name as entry element English language
General subdivision Accents and accentuation.
Topical term or geographic name as entry element Oral communication.
655 #7 - INDEX TERM--GENRE/FORM
Genre/form data or focus term Electronic books.
Source of term local
700 1# - ADDED ENTRY--PERSONAL NAME
Personal name Greaves, William S.
710 2# - ADDED ENTRY--CORPORATE NAME
Corporate name or jurisdiction name as entry element ebrary, Inc.
830 #0 - SERIES ADDED ENTRY--UNIFORM TITLE
Uniform title Equinox textbooks and surveys in linguistics.
856 40 - ELECTRONIC LOCATION AND ACCESS
Uniform Resource Identifier <a href="http://site.ebrary.com/lib/rucke/Doc?id=10697004">http://site.ebrary.com/lib/rucke/Doc?id=10697004</a>
Public note An electronic book accessible through the World Wide Web; click to view

No items available.

© 2026 Rongo University
Contact us: librarian | system librarian | Rongo university